000 01063nam a22002657a 4500
005 20150124123336.0
008 120326t sp||||| |||| 00| 0 spa d
020 _a9788425222566
050 0 4 _aNA2790
_bK56 2009
100 1 _aKnoll, Wolfgang
245 1 0 _aMaquetas de arquitectura :
_bTécnicas y construcción /
_cWolfgang Knoll, Martin Hechinger ; traducción Alejandro Pinós Simmel ; revisión técnica Mario Waltero-Pardo ; ilustraciones Hans-Joachim Heyer, Boris Miklautsch
250 _a1a ed.
260 _aBarcelona, España :
_bEditorial Gustavo Gili,
_cc2009
300 _a142 p. :
_bil. ;
_c26 cm.
500 _aTraduccion de : architektur - modelle. anregungen zu ihrem bau
504 _aIncluye apéndices e índice
650 7 _2Lemb
_aArquitectura
_xMaquetas
650 7 _2Lemb
_aModelos arquitectónicos
700 1 _aHechinger, Martin,
_ecoaut.
700 1 _aPinós Simmel, Alejandro,
_etr.
700 1 _aWaltero-Pardo, Mario,
_erev. tec.
700 1 _aHeyer, Hans-Joachim,
_eil.
700 1 _aMiklautsch, Boris,
_eil.
942 _2lcc
_cLIB
999 _c30114
_d30114